LEADER 01164nam a2200241 i 4500 001 000000231489 003 CaOOAMICUS 005 20230717121844.0 008 140730s1616 it u000 u ita u 026 $aere- tese e-ci cote (3) 1604 (R) 040 $aSeMil$bita 100 1 $aJosephus, Flavius.$0(OLS)http://semarc/name/12633 245 10$aGuerre giudaiche di Flavio Gioseffo historico, diuise in sette libri .. 300 $a175, [1] c. 500 $aVignetta con pianta di Gerusalemme xilogr. sul front. 500 $aSegn.: A-Y8 773 0 $aJosephus, Flavius$tGioseffo Flavio historico Delle Antichità, e Guerre Giudaiche; diviso in vintisette libri ... Tradotto in italiano per M. Pietro Lauro Modonese.$bNuovamente con diligenza grande ricorretto, & ristampato.$dIn Venetia : Appresso Alessandro Vecchi, 1616.$g3$w()30248 850 $aSeMil 852 $aSeMil$W1$xVenegono$y1$m2W II 57 FA$j181835$B181835$CSeMilBibl$Z2$F192666 $8I 941 1 $a10 961 $aRecupero: Mantegazza 996 $6245$aGuerre giudaiche di Flavio Gioseffo historico, diuise in sette libri ..$9(OLS)http://semarc/title/330562 LEADER 00805nam a2200205 i 4500 001 000000068339 003 CaOOAMICUS 005 20100625000000.0 008 100625s1962 it u000 u ita u 013 $a39511 040 $aSeMil$bita 100 1 $aBaget Bozzo, Gianni,$c.$0(OLS)http://semarc/name/11146 245 13$aIl cristianesimo nell'età postmoderna /$cGianni Baget-Bozzo. 260 $aTorino :$bCet,$c1962. 300 $a143 p. ;$c22 cm. 650 4$aCristianesimo - Sec. 20.$0(OLS)http://semarc/subject/7709 850 $aSeMil 852 $aSeMil$W1$xVenegono$y1$m2O II 278$j34492$B34492$CSeMilBibl$Z2$F34495 $81 996 $6245$aIl cristianesimo nell'età postmoderna$9(OLS)http://semarc/title/109067 996 $6260$aTorino :$bCet$9(OLS)http://semarc/publisher/42790